Measurement 2015 : 10th International conference on measurement. Smolenice, Slovakia, May 25 - 28, 2015
Salvato in:
| Ente Autore: | |
|---|---|
| Altri autori: | , , , |
| Natura: | Atti del Convegno Libro |
| Pubblicazione: |
Bratislava :
Slovak academy of sciences,
2015
|
| Edizione: | 1. vyd. |
| Tags: |
Nessun Tag, puoi essere il primo ad aggiungerne!!
|
MARC
| LEADER | 00000nam a22000003a 4500 | ||
|---|---|---|---|
| 001 | 0004912 | ||
| 003 | SK-STU | ||
| 005 | 20160301151028.1 | ||
| 007 | ta | ||
| 008 | 150527s ----xo-----e------100-0-----d | ||
| 020 | |a 978-80-969672-9-2 | ||
| 040 | |a STU |b slo | ||
| 111 | 2 | |a 10th International conference on measurement |d May 25 - 28, 2015 |c Smolenice, Slovakia | |
| 245 | 1 | 0 | |a Measurement 2015 : |b 10th International conference on measurement. Smolenice, Slovakia, May 25 - 28, 2015 |
| 250 | |a 1. vyd. | ||
| 260 | |a Bratislava : |b Slovak academy of sciences, |c 2015 | ||
| 300 | |a 326 s. | ||
| 700 | 1 | |a Maňka, Ján |r Z5 |4 edt |9 25 | |
| 700 | 1 | |a Tyšler, Milan |r Z5 |4 edt |9 25 | |
| 700 | 1 | |a Witkovský, Viktor |r Z5 |4 edt |9 25 | |
| 700 | 1 | |a Frollo, Ivan |r Z5 |4 edt |9 25 |X 3843 |7 3843 | |
| 996 | |b 284EO00444 |c E*O-444 |l EE0102 |s P |a 0 |w 0004912_0001 | ||